Tam quốc bình giảng

Đã lưu trong:
Bibliografiske detaljer
Hovedforfatter: Nguyễn Tử Quang
Format: Bog
Sprog:Undetermined
Udgivet: Đồng Tháp Nxb. Đồng Tháp 1996
Fag:
Tags: Tilføj Tag
Ingen Tags, Vær først til at tagge denne postø!
Thư viện lưu trữ: Trung tâm Học liệu Trường Đại học Cần Thơ
LEADER 00502nam a2200169Ia 4500
001 CTU_24985
008 210402s9999 xx 000 0 und d
082 |a 895.109 
082 |b Qu106 
100 |a Nguyễn Tử Quang 
245 0 |a Tam quốc bình giảng 
245 0 |c Nguyễn Tử Quang 
260 |a Đồng Tháp 
260 |b Nxb. Đồng Tháp 
260 |c 1996 
650 |a chinese fiction - history and criticism 
980 |a Trung tâm Học liệu Trường Đại học Cần Thơ